Kadra Austrii Na Euro 2020 - Statystyki

Ogólne statystyki
  • Ten quiz został rozwiązany 35 razy
  • Średni wynik to 9 z 26
Statystyki odpowiedzi
Hint Odpowiedź % Poprawnych
Obrońca Alaba
100%
Napastnik Arnautović
90%
Pomocnik Sabitzer
83%
Pomocnik Laimer
63%
Napastnik Gregoritsch
57%
Obrońca Dragović
53%
Obrońca Hinteregger
47%
Obrońca Lainer
47%
Pomocnik Baumgartner
40%
Napastnik Kalajdzić
40%
Bramkarz Bachmann
37%
Pomocnik Baumgartlinger
33%
Pomocnik Lazaro
33%
Obrońca Ulmer
30%
Pomocnik Schopf
27%
Bramkarz Schlager
23%
Pomocnik Schlager
23%
Pomocnik Grillitsch
20%
Pomocnik Ilsanker
17%
Bramkarz Pervan
17%
Obrońca Posch
17%
Obrońca Lienhart
7%
Pomocnik Onisiwo
7%
Pomocnik Schaub
3%
Pomocnik Trimmel
3%
Obrońca Friedl
0%
Nie znaleziono quizów pasujących do podanych kryteriów
Rozkład punktacji
Procent ludzi z każdym wynikiem
Percentyl według liczby udzielonych odpowiedzi
Twoja historia wyników
Nie rozwiązałeś tego quizu